[Event "Titled Tuesday intern op 30th Apr Early"]
[Site "Chess.com INT"]
[Date "2024.04.30"]
[Round "3"]
[White "Hovhannisyan, Robert"]
[Black "Hungaski, Robert Andrew"]
[Result "1-0"]
[WhiteElo "2611"]
[BlackElo "2471"]
[PlyCount "143"]
[EventDate "2024.04.30"]
[EventType "swiss (blitz)"]
[EventRounds "11"]
[EventCountry "USA"]
[SourceTitle "CB19_2024"]
[SourceDate "2024.05.08"]
[SourceVersion "1"]
[SourceVersionDate "2024.05.08"]
[SourceQuality "1"]

1. e4 e5 2. Nf3 Nc6 3. Bb5 a6 4. Ba4 Nf6 5. 0-0 Be7 6. Re1 b5 7. Bb3 d6 8. c3 0-0 9. h3 Na5 10. Bc2 c5 11. d4 Qc7 12. Nbd2 Nc6 13. d5 Na5 14. b3 Bd7 15. Nf1 Nb7 16. Be3 c4 17. b4 a5 18. a3 Ra6 19. Qd2 Rfa8 20. Rab1 axb4 21. axb4 Ra2 22. Rec1 g6 23. Qd1 Nd8 24. Ra1 Qb7 25. Rxa2 Rxa2 26. Ra1 Qa8 27. Rxa2 Qxa2 28. N3h2 Nh5 29. Qb1 Qa3 30. Bd2 Nf4 31. Ng3 Bf6 32. Ng4 Bg7 33. Bd1 h5 34. Ne3 Nd3 35. Nc2 Qb3 36. Qxb3 cxb3 37. Na3 b2 38. Bc2 Nc1 39. Kf1 Kh7 40. Ne2 Bh6 41. Bxh6 Kxh6 42. Ke1 f5 43. Kd2 Nxe2 44. Kxe2 fxe4 45. Bxe4 Nf7 46. Kd2 Ng5 47. Bd3 e4 48. Bf1 h4 49. Kc2 Kg7 50. Nxb5 Bxb5 51. Bxb5 Kf6 52. Be8 Ke5 53. Bxg6 Kxd5 54. Kxb2 Kc4 55. Kc2 d5 56. Bf5 d4 57. cxd4 Kxb4 58. Kd2 Kc4 59. Ke3 Kd5 60. Bc8 Kc4 61. Bb7 Ne6 62. Kxe4 Nxd4 63. f4 Kc5 64. f5 Nb5 65. Ke5 Nd6 66. Bd5 Nxf5 67. Kxf5 Kxd5 68. Kg4 Ke4 69. Kxh4 Kf4 70. Kh5 Kg3 71. h4 Kxg2 72. Kg5 1-0

[Event "Titled Tuesday intern op 30th Apr Early"]
[Site "Chess.com INT"]
[Date "2024.04.30"]
[Round "6"]
[White "Kozganbayev, Erkin"]
[Black "Hovhannisyan, Robert"]
[Result "1-0"]
[WhiteElo "2282"]
[BlackElo "2611"]
[PlyCount "169"]
[EventDate "2024.04.30"]
[EventType "swiss (blitz)"]
[EventRounds "11"]
[EventCountry "USA"]
[SourceTitle "CB19_2024"]
[SourceDate "2024.05.08"]
[SourceVersion "1"]
[SourceVersionDate "2024.05.08"]
[SourceQuality "1"]

1. e4 c6 2. d4 d5 3. e5 Bf5 4. h4 Qc7 5. g4 Bd7 6. Nc3 e6 7. h5 c5 8. f4 cxd4 9. Nce2 Nc6 10. Nf3 Nh6 11. Bh3 Bb4+ 12. Bd2 Bc5 13. a3 a6 14. g5 Nf5 15. Bxf5 exf5 16. b4 Ba7 17. Bc1 Rc8 18. Bb2 d3 19. Qxd3 Nd8 20. h6 Bb5 21. hxg7 Rg8 22. Qxf5 Qxc2 23. Qxc2 Rxc2 24. Ned4 Rxb2 25. Rxh7 Kd7 26. f5 Bd3 27. 0-0-0 Rb1+ 28. Kd2 Rxd1+ 29. Kxd1 Nc6 30. Nxc6 bxc6 31. e6+ fxe6 32. Ne5+ Kd6 33. Nxd3 exf5 34. Rh6+ Kc7 35. Nf4 Kd7 36. Ne6 Bd4 37. Nxd4 Rxg7 38. Rxc6 Rxg5 39. Rxa6 f4 40. Ke2 Rg3 41. Nf3 Rg2+ 42. Kf1 Rb2 43. Ne5+ Ke7 44. Nd3 Ra2 45. Nxf4 d4 46. Nd3 Rd2 47. Nc5 Ra2 48. Ke1 Rb2 49. Kd1 Ra2 50. Kc1 Rh2 51. Nb3 d3 52. Nc5 d2+ 53. Kd1 Kd8 54. Nb3 Kc7 55. Nxd2 Kb7 56. Ra5 Kb6 57. Kc2 Rg2 58. Kc3 Rg3+ 59. Kc2 Rg2 60. Kd1 Rg1+ 61. Ke2 Rg2+ 62. Ke3 Rg3+ 63. Nf3 Rh3 64. Re5 Rh1 65. a4 Rb1 66. Re6+ Kb7 67. b5 Rb3+ 68. Kf4 Rb4+ 69. Re4 Rb1 70. Ne5 Kb6 71. Nc4+ Kc5 72. Ne3 Ra1 73. Kf5 Rh1 74. Ke6 Rh8 75. Kd7 Rh7+ 76. Re7 Rh4 77. Kc7 Rxa4 78. b6 Ra3 79. b7 Ra7 80. Kc8 Kd6 81. b8Q+ Kc6 82. Re6+ Kc5 83. Qxa7+ Kb5 84. Qb7+ Ka5 85. Ra6# 1-0

[Event "Titled Tuesday intern op 02nd Apr Early"]
[Site "Chess.com INT"]
[Date "2024.04.02"]
[Round "1"]
[White "Hovhannisyan, Robert"]
[Black "Gatterer, Florian"]
[Result "1-0"]
[WhiteElo "2611"]
[BlackElo "2170"]
[PlyCount "83"]
[EventDate "2024.04.02"]
[EventType "swiss (blitz)"]
[EventRounds "11"]
[EventCountry "USA"]
[SourceTitle "CB15_2024"]
[SourceDate "2024.04.10"]
[SourceVersion "1"]
[SourceVersionDate "2024.04.10"]
[SourceQuality "1"]

1. d4 Nf6 2. c4 g6 3. Nc3 d5 4. cxd5 Nxd5 5. g3 Nxc3 6. bxc3 c5 7. Nf3 Bg7 8. Bg2 cxd4 9. Nxd4 0-0 10. 0-0 a6 11. Be3 Qc7 12. Qb3 Nd7 13. Rfd1 Nc5 14. Qb4 Ne6 15. Rab1 Nxd4 16. Bxd4 Bf5 17. Qxb7 Qc4 18. Rb2 Bxd4 19. cxd4 Rab8 20. Qxb8 Rxb8 21. Rxb8+ Kg7 22. e4 Bg4 23. f3 Bd7 24. Rb2 Ba4 25. Rdd2 h5 26. h4 Qc3 27. d5 Qe3+ 28. Kh2 g5 29. Re2 Qc1 30. hxg5 Qxg5 31. Bh3 h4 32. gxh4 Qxh4 33. Rg2+ Kh6 34. Rg4 Qe1 35. Rbg2 Bd1 36. R4g3 Qe3 37. Bg4 Qf4 38. Kg1 Qe3+ 39. Rf2 Qe1+ 40. Kg2 Qe3 41. Rh3+ Kg5 42. Rh5+ 1-0

[Event "Titled Tuesday intern op 02nd Apr Early"]
[Site "Chess.com INT"]
[Date "2024.04.02"]
[Round "2"]
[White "Yagupov, Igor"]
[Black "Hovhannisyan, Robert"]
[Result "0-1"]
[WhiteElo "2275"]
[BlackElo "2611"]
[PlyCount "78"]
[EventDate "2024.04.02"]
[EventType "swiss (blitz)"]
[EventRounds "11"]
[EventCountry "USA"]
[SourceTitle "CB15_2024"]
[SourceDate "2024.04.10"]
[SourceVersion "1"]
[SourceVersionDate "2024.04.10"]
[SourceQuality "1"]

1. e4 c6 2. d4 d5 3. e5 Bf5 4. h4 Qc7 5. Bd3 Bxd3 6. Qxd3 e6 7. h5 c5 8. Nf3 cxd4 9. Na3 Bxa3 10. Qxa3 Nc6 11. Bf4 Nge7 12. h6 gxh6 13. Rxh6 Nf5 14. Rh5 0-0-0 15. g4 Nfe7 16. 0-0-0 Ng6 17. Bg5 Rd7 18. Bf6 Rg8 19. Nxd4 Ngxe5 20. Nb5 Qb6 21. Nd6+ Rxd6 22. Qxd6 Nc4 23. Qg3 Rg6 24. Qc3 Qxf2 25. b3 Qf4+ 26. Kb1 Na3+ 27. Kb2 Qxf6 28. Qxf6 Rxf6 29. Kxa3 Rf2 30. c3 Kd7 31. Rxh7 Ne5 32. g5 Kd6 33. Rg7 b5 34. Kb4 Rxa2 35. Kxb5 Nc6 36. b4 Ne5 37. g6 Nc4 38. Rxd5+ exd5 39. Rxf7 a6# 0-1

[Event "Chessable Masters Play In"]
[Site "Chess.com INT"]
[Date "2024.01.31"]
[Round "2"]
[White "Bortnyk, Olexandr"]
[Black "Hovhannisyan, Robert"]
[Result "1-0"]
[WhiteElo "2608"]
[BlackElo "2611"]
[PlyCount "91"]
[EventDate "2024.01.31"]
[EventType "swiss (rapid)"]
[EventRounds "9"]
[EventCountry "USA"]
[SourceTitle "CB06_2024"]
[SourceDate "2024.02.07"]
[SourceVersion "1"]
[SourceVersionDate "2024.02.07"]
[SourceQuality "1"]

1. e4 e5 2. Bc4 Nf6 3. d3 Bc5 4. Nc3 c6 5. f4 exf4 6. d4 Bb4 7. e5 d5 8. Bd3 Ne4 9. Bxe4 Bxc3+ 10. bxc3 Qh4+ 11. g3 fxg3 12. Bg2 gxh2+ 13. Kf1 hxg1Q+ 14. Kxg1 Qg4 15. Qe1 Bf5 16. Rh3 Bxc2 17. Rg3 Qd1 18. Qxd1 Bxd1 19. Rxg7 Bh5 20. Rb1 b6 21. Ba3 Nd7 22. c4 0-0-0 23. cxd5 Rdg8 24. Rxg8+ Rxg8 25. dxc6 Nxe5 26. dxe5 Bf3 27. Kf2 Bxg2 28. Rg1 Kc7 29. Rxg2 Rxg2+ 30. Kxg2 Kxc6 31. Kf3 Kd5 32. Kf4 b5 33. Bb2 b4 34. Kg5 Ke6 35. Kh6 a5 36. Kxh7 a4 37. Kg7 Ke7 38. Bd4 Ke6 39. Kf8 a3 40. Ba1 Kd5 41. Kxf7 Kc4 42. e6 Kd3 43. e7 Kc2 44. e8Q Kb1 45. Qe1+ Kxa2 46. Qxb4 1-0

[Event "Chessable Masters Play In"]
[Site "Chess.com INT"]
[Date "2024.01.31"]
[Round "4"]
[White "Hovhannisyan, Robert"]
[Black "Bharath, Subramaniyam H"]
[Result "1-0"]
[WhiteElo "2611"]
[BlackElo "2515"]
[PlyCount "121"]
[EventDate "2024.01.31"]
[EventType "swiss (rapid)"]
[EventRounds "9"]
[EventCountry "USA"]
[SourceTitle "CB06_2024"]
[SourceDate "2024.02.07"]
[SourceVersion "1"]
[SourceVersionDate "2024.02.07"]
[SourceQuality "1"]

1. e4 e5 2. Nf3 Nc6 3. Bb5 a6 4. Ba4 Nf6 5. 0-0 d6 6. Bxc6+ bxc6 7. Re1 Bg4 8. h3 Bh5 9. d4 Nd7 10. dxe5 Nxe5 11. g4 Nxf3+ 12. Qxf3 Bg6 13. Bf4 Be7 14. Nd2 h5 15. Rad1 Qc8 16. Nf1 Qe6 17. Ng3 hxg4 18. hxg4 0-0 19. Nf5 Bf6 20. b3 Rfe8 21. Kg2 Be5 22. Re3 f6 23. Bxe5 Qxe5 24. Qg3 Rad8 25. Qxe5 fxe5 26. f3 Bxf5 27. gxf5 Kf7 28. Rc3 c5 29. Kf2 Rh8 30. b4 Rh2+ 31. Ke3 c6 32. bxc5 d5 33. Rb3 d4+ 34. Kd3 Rf2 35. Rb7+ Kf8 36. Rh1 Rxf3+ 37. Ke2 Re3+ 38. Kd2 Kg8 39. Rg1 Rh3 40. Rbxg7+ Kh8 41. f6 Rh2+ 42. Kc1 Rh7 43. R7g5 Rf8 44. Rxe5 Rh6 45. Rf5 Rfxf6 46. Rxf6 Rxf6 47. Kd2 Kh7 48. Kd3 Rf2 49. a4 a5 50. Rg3 Kh6 51. Rg8 Rf3+ 52. Kxd4 Ra3 53. c4 Rxa4 54. Rc8 Kg7 55. Rxc6 Ra1 56. Ra6 Kf7 57. c6 Ke7 58. Kc5 a4 59. Ra8 Rh1 60. c7 Rh5+ 61. Kb4 1-0

[Event "Chessable Masters Play In"]
[Site "Chess.com INT"]
[Date "2024.01.31"]
[Round "3"]
[White "Hovhannisyan, Robert"]
[Black "Rasulov, Vugar Ural Oglu"]
[Result "1/2-1/2"]
[WhiteElo "2611"]
[BlackElo "2536"]
[PlyCount "104"]
[EventDate "2024.01.31"]
[EventType "swiss (rapid)"]
[EventRounds "9"]
[EventCountry "USA"]
[SourceTitle "CB06_2024"]
[SourceDate "2024.02.07"]
[SourceVersion "1"]
[SourceVersionDate "2024.02.07"]
[SourceQuality "1"]

1. e4 e5 2. Nf3 Nf6 3. Nxe5 d6 4. Nf3 Nxe4 5. Qe2 Qe7 6. d3 Nf6 7. Nc3 Qxe2+ 8. Bxe2 Be7 9. Bf4 c6 10. Ne4 Nxe4 11. dxe4 Nd7 12. 0-0-0 Nc5 13. Nd2 Be6 14. f3 0-0-0 15. Rhe1 Rhe8 16. Nb3 Nxb3+ 17. axb3 d5 18. exd5 Bxd5 19. Bd3 g6 20. Re2 Bf6 21. Rxe8 Rxe8 22. b4 a6 23. Bd2 h5 24. Re1 Rxe1+ 25. Bxe1 Kd7 26. h4 Be7 27. c3 Bd6 28. Bf2 Bb3 29. g3 Bd5 30. f4 Ke6 31. Kd2 Bc7 32. Bd4 a5 33. bxa5 Bxa5 34. b4 Bc7 35. Bf1 b5 36. Ke3 f5 37. Be2 Bd8 38. Bd1 Be7 39. Be2 Bc4 40. Bd1 Bd6 41. Bb6 Bd5 42. Bc5 Bc7 43. Bd4 Bd8 44. Be2 Bc4 45. Bf3 Bd5 46. Be2 Be7 47. Bc5 Bf6 48. Bd4 Bd8 49. Bd1 Bc7 50. Be2 Bd6 51. Bd1 Be7 52. Be2 Bd8 1/2-1/2

[Event "ARM-ch HL 84th"]
[Site "Yerevan"]
[Date "2024.01.12"]
[Round "1"]
[White "Piliposyan, Robert"]
[Black "Hovhannisyan, Robert"]
[Result "1-0"]
[WhiteElo "2367"]
[BlackElo "2611"]
[PlyCount "105"]
[EventDate "2024.01.12"]
[EventType "tourn"]
[EventRounds "9"]
[EventCountry "ARM"]
[EventCategory "10"]
[SourceTitle "CB04_2024"]
[SourceDate "2023.10.16"]
[SourceVersion "1"]
[SourceVersionDate "2023.10.16"]
[SourceQuality "1"]

1. d4 d5 2. c4 c6 3. Nf3 Nf6 4. Nc3 e6 5. g3 dxc4 6. Bg2 Nbd7 7. 0-0 Bd6 8. Nd2 Nb6 9. Na4 Nxa4 10. Qxa4 0-0 11. Qxc4 e5 12. dxe5 Bxe5 13. Qc2 Be6 14. Nc4 Qd4 15. Nxe5 Qxe5 16. e4 Qh5 17. f3 Bh3 18. g4 Qh4 19. Qf2 Qxf2+ 20. Kxf2 Bxg2 21. Kxg2 Rfd8 22. Be3 Nd7 23. Rfd1 f6 24. Kf2 Ne5 25. Ke2 b6 26. a4 Nc4 27. Bd4 c5 28. Bc3 Kf7 29. f4 Ke7 30. h4 h6 31. h5 Nd6 32. Kf3 Nf7 33. b4 cxb4 34. Bxb4+ Ke8 35. Ke3 Rac8 36. Rac1 Rxd1 37. Rxc8+ Nd8 38. Rc7 Rd7 39. Rxd7 Kxd7 40. Kd3 a6 41. Kc4 Ne6 42. f5 b5+ 43. axb5 axb5+ 44. Kxb5 Nd4+ 45. Kc5 Nf3 46. Kd5 Ne5 47. Bf8 Nxg4 48. Bxg7 Ke7 49. e5 Nxe5 50. Bxh6 Kf7 51. Bf4 Nd7 52. Kc6 Ke8 53. Bd6 1-0

[Event "Wch Blitz"]
[Site "Samarkand"]
[Date "2023.12.30"]
[Round "16"]
[White "Iljiushenok, Ilia"]
[Black "Hovhannisyan, Robert"]
[Result "1/2-1/2"]
[WhiteElo "2547"]
[BlackElo "2611"]
[PlyCount "142"]
[EventDate "2023.12.29"]
[EventType "swiss (blitz)"]
[EventRounds "21"]
[EventCountry "UZB"]
[SourceTitle "CB01_2024"]
[SourceDate "2024.01.03"]
[SourceVersion "1"]
[SourceVersionDate "2024.01.03"]
[SourceQuality "1"]

1. e4 e5 2. Nf3 Nc6 3. Nc3 Nf6 4. Bb5 Bb4 5. 0-0 0-0 6. d3 Bxc3 7. bxc3 d6 8. Re1 Ne7 9. d4 Ng6 10. dxe5 dxe5 11. Ba3 Be6 12. Bxf8 Qxf8 13. Ng5 Bg4 14. Be2 Rd8 15. Qc1 Bc8 16. Bc4 Nh8 17. Qe3 h6 18. Nf3 Ng6 19. Qxa7 Bg4 20. Qe3 Qe7 21. h3 Bxf3 22. Qxf3 Nf4 23. Rad1 Ra8 24. Qe3 b6 25. Bb3 Nd7 26. Kh2 Nc5 27. g3 Nfe6 28. h4 Kh7 29. Rd5 Nf8 30. Red1 Nfd7 31. Qf3 g6 32. h5 Nf6 33. R5d2 Nxh5 34. Qxf7+ Qxf7 35. Bxf7 Rf8 36. Bd5 Nf6 37. Kg2 h5 38. f3 g5 39. Bc4 Kg6 40. Rd8 Rxd8 41. Rxd8 g4 42. Rc8 gxf3+ 43. Kxf3 Nfxe4 44. Bd3 Nxd3 45. cxd3 Nxc3 46. Rxc7 Nxa2 47. Rc6+ Kf5 48. Rxb6 Nc3 49. Rh6 Kg5 50. Rc6 Nb5 51. Rc5 Nd4+ 52. Ke4 Kg4 53. Rxe5 Ne2 54. Re8 Nxg3+ 55. Ke5 h4 56. Rg8+ Kf3 57. d4 Nf1 58. Rh8 Kg3 59. Rg8+ Kf3 60. Rf8+ Kg2 61. Rg8+ Kf3 62. Rh8 Kg3 63. Ke4 Nd2+ 64. Kd3 Nf3 65. d5 h3 66. d6 Ne5+ 67. Kd4 Nd7 68. Rg8+ Kf3 69. Rh8 Kg2 70. Kd5 h2 71. Rxh2+ Kxh2 1/2-1/2

[Event "Wch Blitz"]
[Site "Samarkand"]
[Date "2023.12.29"]
[Round "1"]
[White "Hovhannisyan, Robert"]
[Black "Garayev, Kanan Farzali Oglu"]
[Result "1-0"]
[WhiteElo "2611"]
[BlackElo "2356"]
[PlyCount "197"]
[EventDate "2023.12.29"]
[EventType "swiss (blitz)"]
[EventRounds "21"]
[EventCountry "UZB"]
[SourceTitle "CB01_2024"]
[SourceDate "2024.01.03"]
[SourceVersion "1"]
[SourceVersionDate "2024.01.03"]
[SourceQuality "1"]

1. e4 c5 2. Nf3 e6 3. d4 cxd4 4. Nxd4 Nf6 5. Nc3 Nc6 6. Be2 Bb4 7. 0-0 Bxc3 8. bxc3 Nxe4 9. Nxc6 dxc6 10. Qxd8+ Kxd8 11. Bf3 Nf6 12. Rd1+ Bd7 13. Bf4 Nd5 14. Bg3 b5 15. a4 Ke7 16. axb5 cxb5 17. Bxd5 exd5 18. Rxd5 Rhc8 19. Bd6+ Ke8 20. Bb4 Be6 21. Rxb5 Rd8 22. h4 Rd5 23. c4 Rxb5 24. cxb5 Rb8 25. Rxa7 Rxb5 26. c3 h5 27. f3 g6 28. Kf2 Rd5 29. Ke3 Rd7 30. Ra8+ Rd8 31. Ra6 Kd7 32. Kf4 Rc8 33. Kg5 Rc4 34. Rd6+ Ke8 35. Rd2 Bf5 36. g3 Be6 37. Rd3 Rc8 38. Re3 Kd7 39. Kf6 Kc6 40. Rd3 Kb5 41. Rd6 Bc4 42. Rd7 Re8 43. Be7 Be6 44. Rb7+ Kc4 45. Rc7+ Kd3 46. Kg5 Ke2 47. f4 Kf3 48. Bf6 Kxg3 49. c4 Ra8 50. c5 Ra5 51. Be5 Kh3 52. Bd6 Ra3 53. Rb7 Rg3+ 54. Kf6 Kxh4 55. c6 Rc3 56. c7 Kg4 57. Be5 Rc6 58. Ke7 h4 59. Rb4 Bf5 60. Rb2 Be6 61. Rh2 Kf3 62. Bd6 h3 63. Rb2 Bf5 64. Rb3+ Kg2 65. Rb2+ Kg3 66. Rb3+ Kg2 67. Rb2+ Bc2 68. Kd7 h2 69. Kxc6 h1Q 70. c8Q Kg3+ 71. Kc7 Bf5 72. Qb7 Qc1+ 73. Kd8 Bh3 74. f5+ Kg4 75. fxg6 fxg6 76. Qb4+ Kh5 77. Qc5+ Qxc5 78. Bxc5 g5 79. Bd6 Kg4 80. Rb3 Bf1 81. Rg3+ Kh4 82. Ke7 g4 83. Kf6 Be2 84. Kf5 Bf3 85. Kf4 Kh5 86. Rg1 Kg6 87. Re1 Kf6 88. Re5 Bd1 89. Be7+ Kg6 90. Bh4 Bf3 91. Re6+ Kf7 92. Ke5 Kg7 93. Kf5 Bd1 94. Re7+ Kf8 95. Kf6 Bb3 96. Bg3 Ba2 97. Bd6 Kg8 98. Rg7+ Kh8 99. Rxg4 1-0

[Event "Wch Blitz"]
[Site "Samarkand"]
[Date "2023.12.29"]
[Round "4"]
[White "Hovhannisyan, Robert"]
[Black "Giri, Anish"]
[Result "0-1"]
[WhiteElo "2611"]
[BlackElo "2754"]
[PlyCount "68"]
[EventDate "2023.12.29"]
[EventType "swiss (blitz)"]
[EventRounds "21"]
[EventCountry "UZB"]
[SourceTitle "CB01_2024"]
[SourceDate "2024.01.03"]
[SourceVersion "1"]
[SourceVersionDate "2024.01.03"]
[SourceQuality "1"]

1. e4 c5 2. Nf3 d6 3. Nc3 a6 4. d4 cxd4 5. Nxd4 Nf6 6. Be2 e5 7. Nf3 Be7 8. Bg5 Be6 9. Bxf6 Bxf6 10. 0-0 0-0 11. a4 Be7 12. Nd5 Nd7 13. Bc4 Rc8 14. Qe2 Nb6 15. Nxb6 Qxb6 16. Bxe6 fxe6 17. c3 Qc6 18. a5 Bd8 19. Rfd1 Bc7 20. Rd2 Rf4 21. Ng5 Rf6 22. Qg4 h6 23. Nf3 Bb8 24. h4 Rcf8 25. Ne1 d5 26. exd5 exd5 27. Rad1 Ba7 28. Nd3 e4 29. Nb4 Qe8 30. Kh1 e3 31. fxe3 Qxe3 32. Rd3 Rf1+ 33. Kh2 Qg1+ 34. Kh3 Qh1+ 0-1

[Event "Wch Blitz"]
[Site "Samarkand"]
[Date "2023.12.29"]
[Round "3"]
[White "Hovhannisyan, Robert"]
[Black "Maghsoodloo, Parham"]
[Result "1/2-1/2"]
[WhiteElo "2611"]
[BlackElo "2742"]
[PlyCount "125"]
[EventDate "2023.12.29"]
[EventType "swiss (blitz)"]
[EventRounds "21"]
[EventCountry "UZB"]
[SourceTitle "CB01_2024"]
[SourceDate "2024.01.03"]
[SourceVersion "1"]
[SourceVersionDate "2024.01.03"]
[SourceQuality "1"]

1. e4 e5 2. Nf3 Nc6 3. Bb5 a6 4. Ba4 Nf6 5. 0-0 Be7 6. Nc3 b5 7. Bb3 d6 8. a4 Rb8 9. axb5 axb5 10. d3 0-0 11. h3 Nb4 12. Qe2 c5 13. Bd2 Be6 14. Bxe6 fxe6 15. Rfc1 Qd7 16. Nd1 Nc6 17. Ne3 Nd4 18. Nxd4 exd4 19. Ng4 e5 20. Ra6 Ra8 21. Rca1 Qb7 22. Nxf6+ Bxf6 23. Rxa8 Rxa8 24. Qd1 d5 25. Rxa8+ Qxa8 26. exd5 Qxd5 27. Qg4 c4 28. g3 Qc6 29. h4 Kf7 30. Qh5+ Kg8 31. Qg4 Kf7 32. Qh5+ Kg8 33. Qg4 g6 34. h5 Kf7 35. hxg6+ hxg6 36. Kf1 Qd5 37. Ke2 Bg7 38. Qf3+ Ke6 39. Qg4+ Kf7 40. Qf3+ Ke6 41. Qxd5+ Kxd5 42. b3 e4 43. bxc4+ bxc4 44. dxe4+ Kxe4 45. f3+ Kd5 46. Bg5 Be5 47. g4 Bd6 48. Bh6 Be5 49. Bc1 Bf6 50. Bd2 Kc5 51. f4 Kd5 52. Kf3 Be7 53. Bc1 Bd8 54. Bd2 Bh4 55. Bc1 Be1 56. f5 gxf5 57. gxf5 Ke5 58. f6 Kxf6 59. Ke4 d3 60. cxd3 c3 61. d4 Bd2 62. Kd3 Bxc1 63. Kxc3 1/2-1/2

[Event "Wch Blitz"]
[Site "Samarkand"]
[Date "2023.12.29"]
[Round "7"]
[White "Hovhannisyan, Robert"]
[Black "Tsaruk, Maksim"]
[Result "1-0"]
[WhiteElo "2611"]
[BlackElo "2460"]
[PlyCount "97"]
[EventDate "2023.12.29"]
[EventType "swiss (blitz)"]
[EventRounds "21"]
[EventCountry "UZB"]
[SourceTitle "CB01_2024"]
[SourceDate "2024.01.03"]
[SourceVersion "1"]
[SourceVersionDate "2024.01.03"]
[SourceQuality "1"]

1. e4 e5 2. Nf3 Nc6 3. Bb5 a6 4. Ba4 Nf6 5. 0-0 Be7 6. Nc3 b5 7. Bb3 d6 8. a4 b4 9. Nd5 0-0 10. d4 Bg4 11. dxe5 Nxe5 12. Nxe5 Bxd1 13. Nc6 Nxd5 14. Nxd8 Raxd8 15. Rxd1 Nf6 16. f3 a5 17. Be3 Rfe8 18. Rd3 Nd7 19. Bd5 Bf6 20. Rb1 Nc5 21. Bxc5 dxc5 22. b3 g5 23. g3 Kg7 24. Kg2 Rd6 25. Re1 Bd4 26. Rh1 f5 27. Rf1 g4 28. Bc4 gxf3+ 29. Rdxf3 Rxe4 30. Rxf5 Rf6 31. Rxf6 Bxf6 32. Bd3 Re6 33. Rf5 Bd4 34. h4 h6 35. Rf4 Rf6 36. Re4 Rf2+ 37. Kh3 h5 38. Re7+ Kf6 39. Rh7 c4 40. Bxc4 Rxc2 41. Rh6+ Kg7 42. Rxh5 c5 43. Rg5+ Kf6 44. Rg8 Be5 45. Rf8+ Kg7 46. Rf3 Bd4 47. g4 Be5 48. g5 Kg6 49. Bd3+ 1-0

[Event "Wch Blitz"]
[Site "Samarkand"]
[Date "2023.12.29"]
[Round "11"]
[White "Hovhannisyan, Robert"]
[Black "Zhalmakhanov, Ramazan"]
[Result "1/2-1/2"]
[WhiteElo "2611"]
[BlackElo "2493"]
[PlyCount "120"]
[EventDate "2023.12.29"]
[EventType "swiss (blitz)"]
[EventRounds "21"]
[EventCountry "UZB"]
[SourceTitle "CB01_2024"]
[SourceDate "2024.01.03"]
[SourceVersion "1"]
[SourceVersionDate "2024.01.03"]
[SourceQuality "1"]

1. e4 c5 2. Nf3 g6 3. d4 cxd4 4. Qxd4 Nf6 5. Nc3 Nc6 6. Qa4 d6 7. e5 dxe5 8. Nxe5 Bg7 9. Bb5 Bd7 10. Nxd7 Qxd7 11. 0-0 0-0 12. Rd1 Qf5 13. Bxc6 bxc6 14. h3 Nd5 15. Bd2 Nxc3 16. Bxc3 Bxc3 17. bxc3 Qc5 18. Qb4 Qxb4 19. cxb4 Rfd8 20. Kf1 Kf8 21. Ke2 e5 22. Rxd8+ Rxd8 23. Rd1 Rb8 24. a3 Ke7 25. g4 a5 26. Rb1 axb4 27. axb4 Ra8 28. c4 f5 29. b5 cxb5 30. cxb5 Kd6 31. gxf5 gxf5 32. b6 Kc6 33. Rb3 Kb7 34. Rb5 Ra3 35. Rxe5 Rxh3 36. Rxf5 Kxb6 37. Rd5 Kc6 38. Rd8 Rh5 39. Ke3 Rd5 40. Rh8 Rd7 41. Ke4 Re7+ 42. Kd4 Rf7 43. Ke3 Kd5 44. Re8 Kd6 45. Ra8 Ke6 46. f4 Kf5 47. Ra5+ Kg6 48. Kf3 Rf6 49. Kg4 h5+ 50. Kf3 Rf5 51. Ra6+ Rf6 52. Ra8 Re6 53. Rg8+ Kh6 54. f5 Ra6 55. Kf4 Ra4+ 56. Ke5 Ra5+ 57. Kf6 Ra6+ 58. Ke5 Ra5+ 59. Kf4 Ra4+ 60. Ke5 Ra5+ 1/2-1/2

[Event "Wch Rapid"]
[Site "Samarkand"]
[Date "2023.12.28"]
[Round "12"]
[White "Bocharov, Dmitry"]
[Black "Hovhannisyan, Robert"]
[Result "1-0"]
[WhiteElo "2518"]
[BlackElo "2611"]
[PlyCount "89"]
[EventDate "2023.12.26"]
[EventType "swiss (rapid)"]
[EventRounds "13"]
[EventCountry "UZB"]
[SourceTitle "CB01_2024"]
[SourceDate "2024.01.03"]
[SourceVersion "1"]
[SourceVersionDate "2024.01.03"]
[SourceQuality "1"]

1. c4 e5 2. d3 Nf6 3. Nf3 Nc6 4. a3 d5 5. cxd5 Nxd5 6. e4 Nb6 7. Be3 Be7 8. Nbd2 f5 9. Rc1 f4 10. Bc5 Be6 11. Be2 Bxc5 12. Rxc5 Qf6 13. Qc2 0-0 14. b4 a6 15. 0-0 Kh8 16. Rc1 Bd7 17. h3 Rae8 18. Qd1 Qd6 19. Nb3 Qg6 20. Kh2 Na4 21. R5c2 Qd6 22. Rd2 Nd4 23. Nbxd4 exd4 24. Rc4 Nc3 25. Qc1 Be6 26. Rxd4 Nxe2 27. Rxe2 Qb6 28. Qc5 Rc8 29. Rc2 Bg8 30. Qxb6 cxb6 31. Rxc8 Rxc8 32. Rd7 Rc3 33. Ne5 Rxa3 34. Rxb7 a5 35. Rxb6 a4 36. Ra6 Ra1 37. d4 a3 38. d5 a2 39. f3 g5 40. b5 Bxd5 41. exd5 Re1 42. Rxa2 Rxe5 43. b6 Kg7 44. b7 g4 45. fxg4 1-0

[Event "Wch Rapid"]
[Site "Samarkand"]
[Date "2023.12.28"]
[Round "10"]
[White "Indjic, Aleksandar"]
[Black "Hovhannisyan, Robert"]
[Result "1-0"]
[WhiteElo "2589"]
[BlackElo "2611"]
[PlyCount "101"]
[EventDate "2023.12.26"]
[EventType "swiss (rapid)"]
[EventRounds "13"]
[EventCountry "UZB"]
[SourceTitle "CB01_2024"]
[SourceDate "2024.01.03"]
[SourceVersion "1"]
[SourceVersionDate "2024.01.03"]
[SourceQuality "1"]

1. d4 d5 2. c4 e6 3. Nc3 Nf6 4. Nf3 c6 5. Bg5 Be7 6. e3 h6 7. Bh4 0-0 8. Qc2 Nbd7 9. a3 b6 10. cxd5 cxd5 11. Bd3 Bb7 12. 0-0 Rc8 13. Qb1 Ne8 14. Bg3 Nd6 15. Ne5 Nxe5 16. dxe5 Nc4 17. Rd1 Nxa3 18. Qc1 Qc7 19. Qd2 Nc4 20. Bxc4 dxc4 21. Rxa7 Rfd8 22. Qe1 Qc6 23. Rxd8+ Rxd8 24. f3 Bb4 25. h4 b5 26. Ra1 Qd7 27. Bf4 Qd2 28. Qxd2 Rxd2 29. Nxb5 Rxb2 30. Nd6 Bd2 31. Nxc4 Rc2 32. Nd6 Bd5 33. Ra7 Rc1+ 34. Kh2 Rc2 35. Kh3 Bb4 36. e4 Bc6 37. h5 Bc5 38. Rc7 Ba4 39. Rc8+ Kh7 40. Nxf7 g5 41. hxg6+ Kxg6 42. Nxh6 Bd4 43. Rd8 Bxe5 44. Bxe5 Kxh6 45. Rf8 Bb3 46. g4 Rc1 47. Rg8 Rh1+ 48. Kg2 Rd1 49. g5+ Kh5 50. g6 Rd2+ 51. Kg3 1-0

[Event "Wch Rapid"]
[Site "Samarkand"]
[Date "2023.12.27"]
[Round "7"]
[White "Hovhannisyan, Robert"]
[Black "Vidit, Santosh Gujrathi"]
[Result "1/2-1/2"]
[WhiteElo "2611"]
[BlackElo "2737"]
[PlyCount "87"]
[EventDate "2023.12.26"]
[EventType "swiss (rapid)"]
[EventRounds "13"]
[EventCountry "UZB"]
[SourceTitle "CB01_2024"]
[SourceDate "2024.01.03"]
[SourceVersion "1"]
[SourceVersionDate "2024.01.03"]
[SourceQuality "1"]

1. e4 e5 2. Nf3 Nc6 3. Nc3 Nf6 4. Bb5 Nd4 5. Nxd4 exd4 6. e5 dxc3 7. exf6 Qxf6 8. dxc3 Qe5+ 9. Be2 Bc5 10. 0-0 0-0 11. Bd3 d6 12. Qf3 Re8 13. Bd2 Be6 14. a4 a5 15. Rae1 Qd5 16. Qg3 Qh5 17. Bb5 c6 18. Bd3 Qg4 19. Qxg4 Bxg4 20. Rxe8+ Rxe8 21. b4 Bb6 22. Rb1 Bc8 23. Bf4 d5 24. h4 Bd8 25. Bg5 Bc7 26. Be3 Be5 27. Bd4 Bxd4 28. cxd4 axb4 29. Kf1 Kf8 30. Rxb4 Ke7 31. Ke2 Kd6+ 32. Kd2 h6 33. Rb1 Kc7 34. a5 Bd7 35. Ra1 Ra8 36. Kc3 Kd6 37. Ra3 c5 38. dxc5+ Kxc5 39. a6 d4+ 40. Kd2 bxa6 41. Rxa6 Rxa6 42. Bxa6 g5 43. hxg5 hxg5 44. c3 1/2-1/2